| 000 | 01473nam a22003137a 4500 | ||
|---|---|---|---|
| 001 | EPSA 0290 | ||
| 003 | gtcocun | ||
| 005 | 20250916175002.0 | ||
| 006 | a||||gr|||| 00| 0 | ||
| 007 | ta | ||
| 008 | 250916b2024 gt ||||| m||| 00| 0 eng d | ||
| 040 |
_agtcocun _bSPA _cgtcocun _eRDA |
||
| 041 | _aSPA EPSA 0290 | ||
| 084 | _0EPSA 0290 | ||
| 100 |
_aHugo Alexander López Pacay _eAutor |
||
| 245 |
_aINFORME FINAL DEL EJERCICIO PROFESIONAL SUPERVISADO, REALIZADO EN LA DIRECCIÓN DEPARTAMENTAL DE EDUCACIÓN DE ALTA VERAPAZ/ _cHugo Alexander López Pacay. _hImpreso |
||
| 264 |
_aCobán, Alta Verapaz: _bUniversidad de San Carlos de Guatemala, Centro Universitario del Norte, Licenciatura en Administración de Empresas _c2024 |
||
| 300 |
_a84 p.: _bIlustraciones, gráficas. _c28 cm; |
||
| 336 |
_2rdacontenido _aTexto _btxt |
||
| 337 |
_2rdamedio _aComputadora _bn |
||
| 338 |
_2rdasoporte _aCódigo en línea _bcr |
||
| 502 | _eEPSA 0290 | ||
| 502 |
_aEjercicio Profesional Supervisado _bLicenciatura en Administración de Empresas _cUniversidad de San Carlos de Guatemala, Centro Universitario del Norte, _d2024 _oEPSA 0290 |
||
| 650 | 1 | 4 |
_2LEMB _aCobán, Alta Verapaz _xAdministración _xProfesional _xManuales _xActualización _xProcesos _xCarrera _xFinal |
| 700 |
_aLic. Julio Armando Samayoa Santiago _eAsesor |
||
| 856 |
_uSin archivo en línea. _zSin archivo en línea. |
||
| 942 |
_2ddc _cTES _iEPSA 0290 _kClasificación _n0 _6EPSA_0290_000000000000000 |
||
| 999 |
_c1860 _d1860 |
||